Nuova enciclopedia italiana ovvero Dizionario generale di scienze, lettere, industrie, ecc. (Record no. 160848)
[ view plain ]
| 000 -LEADER | |
|---|---|
| campo de control de longitud fija | 00993nam a22002055i 4500 |
| 001 - NÚMERO DE CONTROL | |
| campo de control | 160848 |
| 003 - IDENTIFICADOR DE NÚMERO DE CONTROL | |
| campo de control | ES-MaACL |
| 005 - FECHA Y HORA DE LA ÚLTIMA TRANSACCIÓN | |
| campo de control | 20230906212135.0 |
| 008 - DATOS DE LONGITUD FIJA--INFORMACIÓN GENERAL | |
| campo de control de longitud fija | 051013m18751888it a | |||||||| ||ita d |
| 040 ## - FUENTE DE CATALOGACIÓN | |
| Centro catalogador/agencia de origen | CAM |
| Lengua de catalogación | spa |
| Centro/agencia transcriptor | CAM |
| 245 00 - MENCIÓN DEL TÍTULO | |
| Título | Nuova enciclopedia italiana ovvero Dizionario generale di scienze, lettere, industrie, ecc. |
| 250 ## - MENCION DE EDICION | |
| Mención de edición | 6ª ed. corr. di numerose incisioni intercalate nel testo e di tavole in rame, amp. nelle parti scientifiche e tecnologiche e accur. riveduta in ogni sua parte secondo i piú moderni perfezionamenti / pel Gerolamo Boccardo. |
| 260 ## - PUBLICACIÓN, DISTRIBUCIÓN, ETC. | |
| Lugar de publicación, distribución, etc. | Torino : |
| Nombre del editor, distribuidor, etc. | Unione tipografico-editrice torinese, |
| Fecha de publicación, distribución, etc. | 1875-1888. |
| 300 ## - DESCRIPCIÓN FÍSICA | |
| Extensión | 25 v. ; |
| Dimensiones | 30 cm. |
| 597 ## - NOTA DE DESCRIPCIÓN FÍSICA | |
| NOTA DE DESCRIPCIÓN FÍSICA | El t. XXV en 2 v. corresponden a las "Tavole", la parte I (CCII h. de lám.) y la parte II (XVII p., h. de lám. CCIII-CDXLVII) |
| 650 ## - PUNTO DE ACCESO ADICIONAL DE MATERIA--TÉRMINO DE MATERIA | |
| Término de materia o nombre geográfico como elemento de entrada | Enciclopedias. |
| 9 (RLIN) | 12235 |
| 700 1# - ENTRADA AGREGADA--NOMBRE PERSONAL | |
| Nombre de persona | Boccardo, Gerolamo, |
| Término indicativo de función/relación | |
| 9 (RLIN) | 29664 |
| 752 ## - ENTRADA AGREGADA--NOMBRE JERÁRQUICO DEL LUGAR | |
| País o entidad superior | Italia - |
| Ciudad | Turín |
| 852 ## - LOCALIZACIÓN | |
| Ubicación | ES-MaACL |
| Número de control de estantería | C-1980-2005 |
| Nota libre | -- Enc. hol. |
| Estatus retirado | Estado de pérdida | Estado de daño | No para préstamo | Colección | Biblioteca de origen | Biblioteca actual | Ubicación en estantería | Fecha de adquisición | Fuente de adquisición | Total de préstamos | Signatura topográfica completa | Código de barras | Visto por última vez | Precio de reemplazo | Tipo de ítem Koha |
|---|---|---|---|---|---|---|---|---|---|---|---|---|---|---|---|
| Colección de referencia | Biblioteca del Ateneo de Madrid | Biblioteca del Ateneo de Madrid | Sala Palomar | 17/01/2008 | C-1980-2005 | 1168445 | 23/02/2023 | 23/02/2023 | Libro impreso antiguo |
